| 000 | 00439nam a22001697a 4500 | ||
|---|---|---|---|
| 999 |
_c526246 _d526246 |
||
| 003 | NUST | ||
| 020 | _qP/B | ||
| 038 | _awaseem | ||
| 082 |
_a491.438 _bNAR |
||
| 100 |
_aNarang, Gupi Chand _917217 |
||
| 245 |
_aAmlanaama / _cGupi Chand Narang |
||
| 260 |
_aAbbottabad : _bSarhad Urdu Academy, _c1992. |
||
| 300 | _a128 p. ; | ||
| 880 |
_6100-01\r _aگوپی چند نارنگ |
||
| 880 |
_6245-02\r _aاملانامہ |
||
| 942 |
_2ddc _cBK |
||